00000000nam##2200000za#4500
0019.587835
003CaOODSP
00520210624194827
007cr |||||||||||
008150406|2000||||xxc|||||o    f|0| 0 eng|d
040 |aCaOODSP|beng
041 |aeng
041 |afre
043 |an-cn---
0861 |aSP2-6/1999-PDF
1101 |aCanada. |bQueen's Printer.
24510|aBanks, trust companies and loan companies - unclaimed balances : |h[electronic resource]|breported as at December 31, 1999 by banks, trust companies and loan companies
260 |aOttawa - Ontario : |bQueen's Printer |c2000.
300 |a482p.|btables
4901 |aCanada gazette, Part I. Supplement|vJune 24, 2000
500 |aSupplement, Canada Gazette, Part 1, June 24, 2000.
590 |a11-19-Supp|b2011-09-23
69007|aBanking|2gcpds
69007|aFinancial institutions|2gcpds
7760#|tBanques, sociétés de fiducie et sociétés de prêt: soldes non réclamés au 31 décembre 1999 : |w(CaOODSP)9.533975
792 |tBanques, sociétés de fiducie et sociétés de prêt - soldes non réclamés : |efre|w(CaOODSP)9.587836
830#0|aCanada gazette, part I. Supplement ;|vJune 24, 2000|w(CaOODSP)9.500175
85640|ahttp://publications.gc.ca|qPDF|s2.09 MB|uhttps://publications.gc.ca/collections/Collection/SP2-6-1999.pdf|yJune 24, 2000